000 00939nam a22003137a 4500
003 CHAP
005 20220329134309.0
008 971013s1977 r 00010 d
010 _a18328
011 _a19300
035 _a23385
040 _cCHAP
082 _a636.089
_bJ8Y
100 0 0 _aJungerman, Paul F.
_962350
245 _aMicología médica veterinaria
260 _aMéxico, D.F., :
_bCECSA,
_c1977
300 _a240 p.
_b: ilus
590 _aBATCH-UPD
_b10
_c20130110
_lUCH01
_h1129
590 _aBATCH-UPD
_b10
_c20130410
_lUCH01
_h0718
590 _aBATCH-UPD
_b10
_c20130914
_lUCH01
_h1621
590 _aCONVERSION
_b10
_c20130109
_lUCH01
_h1311
650 1 4 _aHongos patógenos.
_956136
650 1 4 _aMicología.
_975476
650 1 4 _aVeterinaria.
_9118987
700 0 _aSchwartzman, Robert M.
_9103285
901 _aBK
942 _cLIBRO
949 _a636.089 J8Y
_bBC
_cLIBRO
_d33724000925194
_eLIBRO
_h58415
_i23385
_si
_t300.00
999 _c18328
_d18328